Mexico's e-Procurement System Redesigning Compranet through Stakeholder Engagement
Salvato in:
| Natura: | Libro |
|---|---|
| Lingua: | inglese |
| Pubblicazione: |
Paris
OECD
2018
|
| Serie: | OECD Public Governance Reviews
|
| Soggetti: | |
| Tags: |
Nessun Tag, puoi essere il primo ad aggiungerne!!
|
MARC
| LEADER | 00000nam a2200000 4500 | ||
|---|---|---|---|
| 001 | 0242005 | ||
| 005 | 20221220065647.0 | ||
| 020 | |a 978-92-64-28741-9 | ||
| 041 | 0 | |a eng | |
| 044 | |a FR | ||
| 245 | 1 | 0 | |a Mexico's e-Procurement System |b Redesigning Compranet through Stakeholder Engagement |
| 264 | 1 | |a Paris |b OECD |c 2018 | |
| 300 | |a 90 s. | ||
| 490 | 1 | |a OECD Public Governance Reviews | |
| 830 | 0 | |a OECD Public Governance Reviews | |
| 610 | 2 | 0 | |a správa verejná |
| 610 | 2 | 0 | |a správa štátna |
| 610 | 2 | 0 | |a samospráva |
| 610 | 2 | 0 | |a reformy |
| 610 | 2 | 0 | |a Mexiko |